[Event "IECC Swiss email"]
[Site "IECC email"]
[Date "2003.03.30"]
[Round "?"]
[White "Turko, Sergey Ivanovich"]
[Black "Humen, John F"]
[Result "1-0"]
[WhiteElo "2091"]
[BlackElo "1907"]
[PlyCount "21"]
[EventDate "2003.??.??"]
[EventType "tourn (corr)"]
[EventRounds "6"]
[SourceTitle "Corr 2008"]
[Source "ChessBase"]
[SourceDate "2008.06.24"]
[SourceVersion "1"]
[SourceVersionDate "2008.06.24"]
[SourceQuality "1"]

1. e4 c5 2. Nf3 d6 3. d4 cxd4 4. Nxd4 Nf6 5. Nc3 a6 6. Bg5 e6 7. f4 Qb6 8. Nb3 Be7 9. Be2 Nbd7 10. Qd3 Qc7 11. Rd1 1-0

[Event "IECC P email"]
[Site "IECC email"]
[Date "2003.01.10"]
[Round "?"]
[White "Chadwick, Charles"]
[Black "Humen, John F"]
[Result "1/2-1/2"]
[WhiteElo "1844"]
[BlackElo "1962"]
[PlyCount "51"]
[EventDate "2003.??.??"]
[EventType "tourn (corr)"]
[EventRounds "6"]
[SourceTitle "Corr 2008"]
[Source "ChessBase"]
[SourceDate "2008.06.24"]
[SourceVersion "1"]
[SourceVersionDate "2008.06.24"]
[SourceQuality "1"]

1. d4 Nf6 2. Nf3 g6 3. c4 Bg7 4. Nc3 0-0 5. g3 d6 6. Bg2 Nbd7 7. 0-0 e5 8. e4 c6 9. d5 c5 10. a3 b6 11. b4 Bb7 12. Qd3 cxb4 13. axb4 a6 14. Na4 b5 15. Nb2 Nb6 16. Nd2 Nxc4 17. Nbxc4 bxc4 18. Nxc4 Qe7 19. Bd2 Nd7 20. Na5 Bc8 21. Nc6 Qe8 22. Bh3 f5 23. f3 Nb8 24. Nxb8 Rxb8 25. Bg2 Qe7 26. Rfc1 1/2-1/2

[Event "IECC Swiss email"]
[Site "IECC email"]
[Date "2002.09.21"]
[Round "?"]
[White "Parwicz, Witold"]
[Black "Humen, John F"]
[Result "1-0"]
[WhiteElo "1660"]
[BlackElo "2004"]
[PlyCount "107"]
[EventDate "2002.??.??"]
[EventType "tourn (corr)"]
[EventRounds "6"]
[SourceTitle "Corr 2008"]
[Source "ChessBase"]
[SourceDate "2008.06.24"]
[SourceVersion "1"]
[SourceVersionDate "2008.06.24"]
[SourceQuality "1"]

1. d4 Nf6 2. c4 g6 3. Nc3 Bg7 4. e4 d6 5. Nf3 0-0 6. Be2 e5 7. 0-0 Nc6 8. d5 Ne7 9. b4 a5 10. Ba3 Nd7 11. bxa5 Rxa5 12. Bb4 Ra8 13. a4 Bh6 14. a5 f5 15. Nd2 Nf6 16. c5 Bxd2 17. Qxd2 fxe4 18. cxd6 cxd6 19. Nb5 Nf5 20. Ra3 Rf7 21. Rc1 e3 22. fxe3 Bd7 23. Nc7 Rc8 24. Ne6 Rxc1+ 25. Qxc1 Bxe6 26. dxe6 Rc7 27. Rc3 Rxc3 28. Qxc3 h5 29. Bd3 Kg7 30. Qd2 Ne7 31. Bc2 d5 32. Qd3 Nf5 33. Qb5 Qc7 34. Bxf5 gxf5 35. Bc5 h4 36. h3 Qc8 37. Ba3 Kg6 38. e7 Kf7 39. e8Q+ Nxe8 40. Qxd5+ Kf6 41. Qg8 Nd6 42. Qh7 Nc4 43. Bf8 Qxf8 44. Qxh4+ Kg6 45. Qxc4 Qe7 46. Qd5 Qc7 47. Kf2 Kg5 48. Qg8+ Kf6 49. Qf8+ Kg6 50. h4 Qc2+ 51. Kg3 Qd3 52. Qg8+ Kf6 53. Qg5+ Ke6 54. Kh2 1-0

[Event "IECC Swiss email"]
[Site "IECC email"]
[Date "2002.08.11"]
[Round "?"]
[White "Humen, John F"]
[Black "Turko, Sergey Ivanovich"]
[Result "1/2-1/2"]
[WhiteElo "2023"]
[BlackElo "2024"]
[PlyCount "55"]
[EventDate "2002.??.??"]
[EventType "tourn (corr)"]
[EventRounds "6"]
[SourceTitle "Corr 2008"]
[Source "ChessBase"]
[SourceDate "2008.06.24"]
[SourceVersion "1"]
[SourceVersionDate "2008.06.24"]
[SourceQuality "1"]

1. d4 Nf6 2. c4 e6 3. Nc3 Bb4 4. e3 c5 5. Bd3 0-0 6. Nf3 d5 7. 0-0 dxc4 8. Bxc4 cxd4 9. exd4 b6 10. Re1 Bb7 11. Bd3 Nc6 12. a3 Be7 13. Bc2 Rc8 14. Qd3 g6 15. Bh6 Re8 16. Rad1 Nd5 17. Ba4 Nxc3 18. bxc3 Bxa3 19. c4 Bb4 20. Re2 Qd6 21. Qe3 Red8 22. Bg5 Ne7 23. d5 Rxc4 24. dxe6 Qxd1+ 25. Bxd1 Rxd1+ 26. Ne1 f5 27. Qb3 Rcd4 28. Qa4 1/2-1/2

[Event "IECC CL3-2002.17"]
[Site "IECC email"]
[Date "2002.05.09"]
[Round "?"]
[White "Allen, Richard G"]
[Black "Humen, John F"]
[Result "1/2-1/2"]
[WhiteElo "1884"]
[BlackElo "1977"]
[PlyCount "54"]
[EventDate "2002.??.??"]
[EventType "tourn (corr)"]
[EventRounds "4"]
[SourceTitle "Corr 2008"]
[Source "ChessBase"]
[SourceDate "2008.06.24"]
[SourceVersion "1"]
[SourceVersionDate "2008.06.24"]
[SourceQuality "1"]

1. Nf3 Nf6 2. g3 g6 3. Bg2 Bg7 4. 0-0 0-0 5. d3 c5 6. e4 Nc6 7. Nbd2 d6 8. Re1 e5 9. c3 h6 10. a4 Be6 11. Nc4 Nxe4 12. Nfxe5 Nxe5 13. Bxe4 Nxc4 14. dxc4 Bxc4 15. Bxb7 Rb8 16. Bg2 Qd7 17. Bd5 Bxd5 18. Qxd5 Rfe8 19. Rxe8+ Qxe8 20. Be3 Rxb2 21. Qxd6 Rb3 22. Rc1 Qe4 23. Qxc5 Rb1 24. Rxb1 Qxb1+ 25. Kg2 Qe4+ 26. Kh3 Qxa4 27. c4 a5 1/2-1/2

[Event "IECC CL3-2002.17"]
[Site "IECC email"]
[Date "2002.05.09"]
[Round "?"]
[White "Humen, John F"]
[Black "Shchepetnev, Vasiliy"]
[Result "1/2-1/2"]
[WhiteElo "1987"]
[BlackElo "1900"]
[PlyCount "56"]
[EventDate "2002.??.??"]
[EventType "tourn (corr)"]
[EventRounds "4"]
[SourceTitle "Corr 2008"]
[Source "ChessBase"]
[SourceDate "2008.06.24"]
[SourceVersion "1"]
[SourceVersionDate "2008.06.24"]
[SourceQuality "1"]

1. d4 d5 2. c4 e6 3. Nc3 Nf6 4. cxd5 exd5 5. Bg5 c6 6. Qc2 Be7 7. e3 0-0 8. Bd3 Nbd7 9. Nge2 Re8 10. 0-0 Nf8 11. f3 Ng6 12. Rad1 Be6 13. Ng3 Qd7 14. Rde1 Ne4 15. Ngxe4 dxe4 16. Nxe4 f6 17. Bf4 Nxf4 18. exf4 Qxd4+ 19. Nf2 Bd5 20. Bxh7+ Kf8 21. Bg6 Red8 22. g3 Bxf3 23. Be4 Bh5 24. Bg2 Bf7 25. Qh7 Bc5 26. Qh8+ Bg8 27. Kh1 Re8 28. Rd1 Qxb2 1/2-1/2

[Event "IECC Swiss email"]
[Site "IECC email"]
[Date "2002.01.13"]
[Round "?"]
[White "Humen, John F"]
[Black "Magalhaes, Joao Flavio"]
[Result "1-0"]
[WhiteElo "1955"]
[BlackElo "1474"]
[PlyCount "71"]
[EventDate "2002.??.??"]
[EventType "tourn (corr)"]
[EventRounds "6"]
[SourceTitle "Corr 2008"]
[Source "ChessBase"]
[SourceDate "2008.06.24"]
[SourceVersion "1"]
[SourceVersionDate "2008.06.24"]
[SourceQuality "1"]

1. d4 Nf6 2. c4 e6 3. Nc3 Bb4 4. e3 Nc6 5. Bd3 0-0 6. Nge2 d6 7. 0-0 e5 8. d5 Ne7 9. a3 Bxc3 10. Nxc3 Bg4 11. Qe1 c6 12. f3 Bd7 13. dxc6 Bxc6 14. e4 Nd7 15. Be3 Nc5 16. Bc2 b6 17. Rd1 Qd7 18. b4 Ne6 19. c5 bxc5 20. bxc5 Nc8 21. Bb3 Re8 22. Qd2 Rd8 23. Bd5 Qb7 24. Bxe6 fxe6 25. Bg5 Rd7 26. Qa2 d5 27. Rd2 a6 28. Rfd1 Qa7 29. exd5 Qxc5+ 30. Kh1 Qxc3 31. dxc6 Rd6 32. Rxd6 Nxd6 33. Qxe6+ Nf7 34. Rc1 Rd8 35. h3 h6 36. Rxc3 1-0

[Event "IECC CL3-2001.37"]
[Site "IECC email"]
[Date "2001.11.14"]
[Round "?"]
[White "Chadwick, Charles"]
[Black "Humen, John F"]
[Result "0-1"]
[WhiteElo "1973"]
[BlackElo "1860"]
[PlyCount "48"]
[EventDate "2001.??.??"]
[EventType "tourn (corr)"]
[EventRounds "4"]
[SourceTitle "Corr 2008"]
[Source "ChessBase"]
[SourceDate "2008.06.24"]
[SourceVersion "1"]
[SourceVersionDate "2008.06.24"]
[SourceQuality "1"]

1. d4 Nf6 2. Nf3 e6 3. c4 b6 4. g3 Ba6 5. b3 d5 6. Bg2 dxc4 7. Ne5 Bb4+ 8. Kf1 Bd6 9. Nxf7 Kxf7 10. Bxa8 c6 11. bxc4 Bxc4 12. Qa4 Bd5 13. Qxa7+ Nbd7 14. Bxc6 Bxc6 15. f3 Nh5 16. Be3 Qf6 17. Qa6 Bxf3 18. Kg1 Bf4 19. gxf4 Qg6+ 20. Kf2 Qg2+ 21. Ke1 Qxh1+ 22. Kd2 Qf1 23. Qd3 Bg4 24. Qc4 Nhf6 0-1

[Event "IECC Swiss email"]
[Site "IECC email"]
[Date "2001.10.28"]
[Round "?"]
[White "Humen, John F"]
[Black "Cornacchini, Gabriele"]
[Result "1-0"]
[WhiteElo "1961"]
[BlackElo "1492"]
[PlyCount "55"]
[EventDate "2001.??.??"]
[EventType "tourn (corr)"]
[EventRounds "6"]
[SourceTitle "Corr 2008"]
[Source "ChessBase"]
[SourceDate "2008.06.24"]
[SourceVersion "1"]
[SourceVersionDate "2008.06.24"]
[SourceQuality "1"]

1. d4 d5 2. c4 e6 3. Nc3 Nf6 4. cxd5 exd5 5. Bg5 Be7 6. e3 0-0 7. Bd3 Nbd7 8. Nge2 Re8 9. Qc2 Nf8 10. 0-0-0 c6 11. b3 Be6 12. Nf4 h6 13. Nxe6 Nxe6 14. Bh4 Rc8 15. Kb1 c5 16. dxc5 Rxc5 17. b4 Rc8 18. Qb3 d4 19. Ne2 Qd5 20. Qxd5 Nxd5 21. Bxe7 Rxe7 22. Bf5 Rc4 23. a3 Nc3+ 24. Nxc3 dxc3 25. Kc2 g6 26. Bxe6 fxe6 27. Rd8+ Kg7 28. Rhd1 1-0

[Event "IECC CL3-2001.34"]
[Site "IECC email"]
[Date "2001.10.24"]
[Round "?"]
[White "Miletic, Srdjan"]
[Black "Humen, John F"]
[Result "0-1"]
[WhiteElo "1781"]
[BlackElo "1943"]
[PlyCount "84"]
[EventDate "2001.??.??"]
[EventType "tourn (corr)"]
[EventRounds "4"]
[SourceTitle "Corr 2008"]
[Source "ChessBase"]
[SourceDate "2008.06.24"]
[SourceVersion "1"]
[SourceVersionDate "2008.06.24"]
[SourceQuality "1"]

1. e4 c5 2. Nf3 d6 3. d4 cxd4 4. Nxd4 Nf6 5. Nc3 Nc6 6. Bg5 e6 7. Qd2 a6 8. 0-0-0 Bd7 9. f4 b5 10. Bxf6 gxf6 11. Kb1 Qb6 12. Nce2 Rc8 13. g3 b4 14. Bg2 a5 15. Rhe1 a4 16. Nxc6 Qxc6 17. Nd4 Qc5 18. e5 fxe5 19. fxe5 d5 20. Qg5 a3 21. Qf6 Ba4 22. Rd2 Rg8 23. Rf1 Rc7 24. Qh4 h6 25. Nb3 Bxb3 26. cxb3 axb2 27. Rxb2 Qc3 28. Qh5 Qd3+ 29. Ka1 Bc5 30. Qd1 Qc3 31. Qd2 Bd4 32. Kb1 Qxb2+ 33. Qxb2 Bxb2 34. Kxb2 Rg5 35. Re1 Rc5 36. Bf1 Rf5 37. Bd3 Rf2+ 38. Re2 Rxe2+ 39. Bxe2 d4 40. Bd3 Rxe5 41. a3 bxa3+ 42. Kxa3 Re3 0-1

[Event "IECC Swiss email"]
[Site "IECC email"]
[Date "2001.09.19"]
[Round "?"]
[White "Humen, John F"]
[Black "Sala, Stefano"]
[Result "1-0"]
[WhiteElo "1837"]
[BlackElo "1332"]
[PlyCount "41"]
[EventDate "2001.??.??"]
[EventType "tourn (corr)"]
[EventRounds "6"]
[SourceTitle "Corr 2008"]
[Source "ChessBase"]
[SourceDate "2008.06.24"]
[SourceVersion "1"]
[SourceVersionDate "2008.06.24"]
[SourceQuality "1"]

1. d4 Nf6 2. c4 g6 3. Nc3 d5 4. Nf3 Bg7 5. Qb3 dxc4 6. Qxc4 0-0 7. e4 Na6 8. Be2 c5 9. d5 e6 10. 0-0 exd5 11. exd5 Bf5 12. Bf4 Re8 13. Rad1 Ne4 14. Nb5 Qf6 15. Bd3 Qxb2 16. d6 Nxd6 17. Nxd6 Re7 18. Bxf5 gxf5 19. Nxf5 Re2 20. Bh6 Bf6 21. Qg4+ 1-0

[Event "IECC CL3-2001.29"]
[Site "IECC email"]
[Date "2001.09.10"]
[Round "?"]
[White "Humen, John F"]
[Black "Kalyoncuoglu, Ozgur"]
[Result "1-0"]
[WhiteElo "1832"]
[BlackElo "1835"]
[PlyCount "71"]
[EventDate "2001.??.??"]
[EventType "tourn (corr)"]
[EventRounds "4"]
[SourceTitle "Corr 2008"]
[Source "ChessBase"]
[SourceDate "2008.06.24"]
[SourceVersion "1"]
[SourceVersionDate "2008.06.24"]
[SourceQuality "1"]

1. d4 Nf6 2. c4 e6 3. Nc3 Bb4 4. e3 0-0 5. Bd3 d5 6. Nf3 c5 7. 0-0 dxc4 8. Bxc4 Nc6 9. a3 Ba5 10. Qd3 a6 11. Rd1 b5 12. Ba2 c4 13. Qe2 Qe8 14. e4 e5 15. d5 Nd4 16. Nxd4 exd4 17. Rxd4 Bb6 18. Be3 Ng4 19. e5 Nxe3 20. Qxe3 Qe7 21. d6 Qd7 22. Nd5 Bxd4 23. Qxd4 Qg4 24. Qe3 Rd8 25. b3 Be6 26. bxc4 Bxd5 27. cxd5 Rac8 28. e6 Rxd6 29. Qe5 Rdd8 30. d6 Rb8 31. d7 h6 32. exf7+ Kh7 33. Qe8 Qf4 34. Rd1 g6 35. Bb1 Qg4 36. Rd6 1-0

[Event "IECC P email"]
[Site "IECC email"]
[Date "2000.08.01"]
[Round "?"]
[White "Vujanovic, Aleksandar"]
[Black "Humen, John F"]
[Result "1-0"]
[WhiteElo "2155"]
[BlackElo "1805"]
[PlyCount "41"]
[EventDate "2000.??.??"]
[EventType "tourn (corr)"]
[EventRounds "6"]
[SourceTitle "Corr 2008"]
[Source "ChessBase"]
[SourceDate "2008.06.24"]
[SourceVersion "1"]
[SourceVersionDate "2008.06.24"]
[SourceQuality "1"]

1. d4 Nf6 2. c4 e6 3. Nc3 Bb4 4. Qc2 0-0 5. a3 Bxc3+ 6. Qxc3 b6 7. Bg5 Bb7 8. f3 h6 9. Bh4 d5 10. e3 Nbd7 11. cxd5 exd5 12. Bd3 Qe7 13. Ne2 Rfe8 14. Bf2 Rac8 15. 0-0 c5 16. Qd2 c4 17. Bc2 a6 18. Rae1 Nf8 19. Nc3 Ne6 20. e4 dxe4 21. fxe4 1-0

[Event "IECC CL2-2000.20"]
[Site "IECC email"]
[Date "2000.05.12"]
[Round "?"]
[White "Humen, John F"]
[Black "Rossello Padron, Carlos Eduardo"]
[Result "0-1"]
[WhiteElo "1793"]
[BlackElo "2100"]
[PlyCount "60"]
[EventDate "2000.??.??"]
[EventType "tourn (corr)"]
[EventRounds "4"]
[SourceTitle "Corr 2008"]
[Source "ChessBase"]
[SourceDate "2008.06.24"]
[SourceVersion "1"]
[SourceVersionDate "2008.06.24"]
[SourceQuality "1"]

1. d4 Nf6 2. c4 g6 3. Nc3 d5 4. Nf3 Bg7 5. Qb3 dxc4 6. Qxc4 0-0 7. e4 c6 8. Be2 b5 9. Qd3 Qa5 10. Qe3 b4 11. Nd1 Bb7 12. 0-0 Nbd7 13. e5 Nd5 14. Qe4 c5 15. e6 f5 16. Qh4 N7f6 17. dxc5 Qxc5 18. Ng5 Rac8 19. Ne3 Nb6 20. Bd2 a5 21. a3 Qe5 22. Bf3 Bxf3 23. Nxf3 Qxe6 24. axb4 a4 25. Ng5 Qd6 26. Rfd1 h6 27. Bc3 hxg5 28. Rxd6 gxh4 29. Rxb6 f4 30. Nd1 Ra8 0-1

[Event "IECC CL4-2000.17"]
[Site "IECC email"]
[Date "2000.03.02"]
[Round "?"]
[White "Humen, John F"]
[Black "Massarani, Jorge Sergio"]
[Result "0-1"]
[WhiteElo "1821"]
[BlackElo "1684"]
[PlyCount "104"]
[EventDate "2000.??.??"]
[EventType "tourn (corr)"]
[EventRounds "4"]
[SourceTitle "Corr 2008"]
[Source "ChessBase"]
[SourceDate "2008.06.24"]
[SourceVersion "1"]
[SourceVersionDate "2008.06.24"]
[SourceQuality "1"]

1. d4 f5 2. Nf3 Nf6 3. g3 e6 4. Bg2 Bb4+ 5. c3 Be7 6. 0-0 0-0 7. c4 d6 8. Nc3 Qe8 9. Re1 Ne4 10. Qb3 Bf6 11. Bf4 Nc6 12. Rad1 Na5 13. Qc2 Nxc4 14. Nxe4 fxe4 15. Ng5 Bxg5 16. Bxg5 Qg6 17. Bf4 d5 18. b3 Na5 19. Qc3 Nc6 20. Bxc7 Rf7 21. Bf4 Bd7 22. f3 exf3 23. Qxf3 Rc8 24. Rd2 Ne7 25. e4 dxe4 26. Qxe4 Qxe4 27. Bxe4 Bc6 28. Bd6 Bxe4 29. Rxe4 Nf5 30. Ba3 Rd7 31. Bb2 Rc6 32. g4 Ne7 33. Rf2 Nd5 34. g5 Rf7 35. Ree2 Nb4 36. a3 Nd3 37. d5 Nxf2 38. dxc6 Nh3+ 39. Kh1 bxc6 40. Rxe6 Rf2 41. Bd4 Rd2 42. Be3 Re2 43. Re7 a6 44. a4 Nf4 45. Bc5 Rxe7 46. Bxe7 Kf7 47. Bd6 Ne6 48. h4 Nd4 49. b4 Nf5 50. Bf4 Nxh4 51. Kh2 Nf5 52. Kg2 Ke6 0-1

[Event "IECC CL4-2000.17"]
[Site "IECC email"]
[Date "2000.03.02"]
[Round "?"]
[White "Humen, John F"]
[Black "Shook, Ray"]
[Result "1-0"]
[WhiteElo "1810"]
[BlackElo "1625"]
[PlyCount "81"]
[EventDate "2000.??.??"]
[EventType "tourn (corr)"]
[EventRounds "4"]
[SourceTitle "Corr 2008"]
[Source "ChessBase"]
[SourceDate "2008.06.24"]
[SourceVersion "1"]
[SourceVersionDate "2008.06.24"]
[SourceQuality "1"]

1. d4 d5 2. c4 e6 3. Nc3 Nf6 4. Bg5 Be7 5. e3 0-0 6. Nf3 Nbd7 7. Rc1 c6 8. Bd3 dxc4 9. Bxc4 Nd5 10. Bxe7 Qxe7 11. 0-0 Nxc3 12. Rxc3 e5 13. Qc2 exd4 14. exd4 Nb6 15. Bb3 Qf6 16. Re3 Be6 17. Bxe6 fxe6 18. Rfe1 Rae8 19. Re5 h6 20. Qb3 Re7 21. Rxe6 Rxe6 22. Rxe6 Qf7 23. a3 Nd5 24. Re2 Qg6 25. Re1 Qf7 26. Qc2 Qf5 27. Qe4 Qf6 28. h3 Nf4 29. Re3 Nd5 30. Re1 Nf4 31. Kh2 Nd5 32. Qg4 Nf4 33. Re4 Nd3 34. Qg3 Nxb2 35. Ne5 Qe6 36. Rg4 g5 37. h4 b5 38. Qh3 Kh8 39. hxg5 Nc4 40. g6 Kg7 41. Nf7 1-0

[Event "IECC Swiss email"]
[Site "IECC email"]
[Date "2000.01.10"]
[Round "?"]
[White "Hakuc, Waclaw"]
[Black "Humen, John F"]
[Result "1/2-1/2"]
[WhiteElo "1784"]
[BlackElo "1818"]
[PlyCount "94"]
[EventDate "2000.??.??"]
[EventType "tourn (corr)"]
[EventRounds "6"]
[SourceTitle "Corr 2008"]
[Source "ChessBase"]
[SourceDate "2008.06.24"]
[SourceVersion "1"]
[SourceVersionDate "2008.06.24"]
[SourceQuality "1"]

1. e4 c5 2. Nf3 d6 3. d4 cxd4 4. Nxd4 Nf6 5. Nc3 a6 6. Be2 e5 7. Nb3 Be7 8. Qd3 0-0 9. 0-0 Nc6 10. Rd1 Be6 11. Bg5 Ne8 12. Bxe7 Nxe7 13. Nc5 Ng6 14. Qg3 Rc8 15. Nxe6 fxe6 16. Rab1 Qc7 17. Rd2 Nf6 18. Qe3 Qb8 19. Rbd1 Rc6 20. a3 b5 21. Na2 a5 22. b4 a4 23. Nc3 Rxc3 24. Qxc3 Nxe4 25. Qc6 Nxf2 26. Bxb5 Qa7 27. Qd7 Qe3 28. Re2 Qb6 29. Qxe6+ Kh8 30. Rxf2 Qxf2+ 31. Kh1 Nf4 32. Qg4 Qxc2 33. Rg1 d5 34. Qd7 Qb3 35. Qd6 Kg8 36. Bd7 Qxa3 37. Rf1 h6 38. h3 Rf6 39. Qb8+ Kh7 40. Qxe5 Qxb4 41. Bf5+ Ng6 42. Qxd5 a3 43. Rc1 Rd6 44. Qe5 Ra6 45. Qd5 Qb8 46. Be4 Rf6 47. Qd3 Qb2 1/2-1/2